Le jacassin : nouveau traité des ideés reçues, folies bourgeoises et automatismes /

Gardado en:
Detalles Bibliográficos
Autor Principal: Daninos, Pierre (autor)
Outros autores: Charmoz, Jacques (ilustración) (ilustración)
Formato: Libro
Idioma:francés
Publicado: París, Francia : Le Livre de Poche, 1973, c1973
Series:(Le Livre de Poche Le Livre de Poche ; 1455)
Temas:
Etiquetas: Engadir etiqueta
Sen Etiquetas, Sexa o primeiro en etiquetar este rexistro!

MARC

LEADER 00000nam^a2200000^a^4500
001 000186884
005 20250521000000.0
009 20260310102240.455
037 |a Acervo ITESO - Biblioteca 
041 |a FRA 
082 |a 847.  |b DAN 
100 |a Daninos, Pierre  |e (autor) 
245 1 3 |a Le jacassin :  |b nouveau traité des ideés reçues, folies bourgeoises et automatismes /  |c P. Daninos ; il. de J. Charmoz. 
264 4 |a París, Francia :  |b Le Livre de Poche,  |c 1973, c1973 
300 |a 255 p. 
336 |a texto  |b txt  |2 rdacontenido 
337 |a sin mediación  |b n  |2 rdamedio 
338 |a volumen  |b nc  |2 rdasoporte 
440 4 |a (Le Livre de Poche Le Livre de Poche ;  |v 1455) 
545 0 |a Pierre Daninos (1913-2005), escritor francés que alcanzó gran éxito internacional por su sentido del humor, la crítica a las costumbres de la clase media francesa, sus novelas de detectives y, en particular, por su libro Les carnets du major Thompson, obra humorísticas sobre las relaciones entre Francia e Inglaterra durante la Segunda Guerra Mundial y en las que se comparan las sociedades francesa e inglesa de la época; a pesar de la buena recepción por el público, se le critica que difundió estos estereotipos nacionales sin cuestionarlos. Les carnets de major Thompson, publicados desde 1952 en el períodico Le Figaro, fueron recogidos en varios libros y fueron llevados a la pantalla grande por Preston Sturges en 1955. Prolífico autor, escribió, entre otros libros: Le sang des hommes; Méridiens; Eurique et Amerope; Passeport pour la nuit ou le Roi-Sommeil; Le carnet du bon Dieu; L'éternel second; Sonia, les autres et moi; Comment vivre avec ou sans Sonia; Les carnets du major Thompson; Le secret du major Thompson; Tout l'humour du monde; Vacances à tous prix (con ilustraciones de Jacques Charmoz, 1958), Un certain M. Blot; Daninoscope; Le 36e dessous; Le Jacassin, nouveau traité des idées reçues, folies bourgeoises et automatismes; Snobissimo ou le désir de paraître; Le pouvoir aux enfants; Sept variations sur le thème de la soif; Ludovic Morateur ou le plus que parfait; Le pyjama; Les nouveaux carnets du major W. Marmaduke Thompson; Les touristocrates; La première planète à droite en sortant par la voie lactée; Made in France; La composition d'histoire; Le veuf joyeux; La galerie des glaces; Auto-mémoires; La France dans tous ses états; La France prise aux mots; Profession: écrivain; Roland Garros 88; Candidement vôtre; 40 ans de vacances; Ah, vous écrivez toujours! y Les derniers carnets du major Thompson. 
649 |a XX 
650 |a Humor 
650 |a Literatura Francesa -  |y Siglo XX 
650 |a Solecismos 
650 |a Fórmulas de Tratamiento (Lingüística) 
650 |a Expresiones Idiomáticas 
650 |a Modismos 
650 |a Palabra 
650 |a Habla 
650 |a Sociolingüística 
700 |a Charmoz, Jacques  |e (ilustración) 
910 |a Fondo General 
920 |a Impresos - Libros 
930 |a Colección General 
940 |a Literatura 
905 |a 101 
901 |a 0500128635  |b IT1  |c LIT  |u 20250521 
902 |a https://opac.biblio.iteso.mx/vufind/Record/000186884